000 01509cam a2200157 4500500
005 20260208005858.0
041 _afre
042 _adc
100 1 0 _aGil, Marie
_eauthor
245 0 0 _aProust et le théâtre.
260 _c2006.
500 _a60
520 _aAprès les recensions critiques que son Essai sur la vie de Sénèque (1778) suscite dans la presse périodique, Diderot publie une nouvelle version de son texte, l’Essai sur les règnes de Claude et de Néron (1782). Cette seconde mouture est considérablement augmentée car elle intègre un nombre important d’extraits des recensions, accompagnés de commentaires. Dans cette étude, il s’agit d’une part d’évaluer la critique qu’opère Diderot des critiques littéraires de son temps et ses dispositifs polémiques principaux. D’autre part, on examine dans l’Essai la mise en œuvre de deux conceptions de la lecture critique, paradoxalement mais intimement liées : l’une est politique, instrumentale, ouverte sur les débats du temps ; l’autre est personnelle, visant un partage spirituel au sein de filiations éthiques à travers les siècles. Une méditation soutenue sur le rôle de la critique dans la postérité des livres et des idées est le fruit de cette mise en œuvre.
786 0 _nRevue d'histoire littéraire de la France | 106 | 4 | 2006-10-01 | p. 901-912 | 0035-2411
856 4 1 _uhttps://shs.cairn.info/revue-d-histoire-litteraire-de-la-france-2006-4-page-901?lang=fr&redirect-ssocas=7080
999 _c1654218
_d1654218